[Event "?"]
[Site "?"]
[Date "2009.08.22"]
[Round "2.22"]
[White "Jansen, Kurt"]
[Black "Westphal, Gerhard"]
[Result "1/2-1/2"]
[WhiteElo "1555"]
[BlackElo "1400"]
[PlyCount "120"]
[EventDate "2009.??.??"]
[WhiteTeam "Schachklub Sülz-Klettenberg"]

1. e4 e5 2. Nf3 Nf6 3. Nc3 d6 4. Bc4 Be6 5. Bxe6 fxe6 6. d3 Nc6 7. Bg5 h6 8.
Be3 Be7 9. h3 Qd7 10. a3 a6 11. Qd2 d5 12. exd5 exd5 13. d4 e4 14. Nh2 Bd6 15.
Ne2 Ne7 16. Bf4 Bxf4 17. Nxf4 g5 18. Ne2 O-O-O 19. g4 Rhf8 20. Ng3 Kb8 21.
O-O-O Qd6 22. Qe3 Qf4 23. Nhf1 Nd7 24. Qxf4 Rxf4 25. Rd2 Rdf8 26. Rh2 Nf6 27.
Ne3 c6 28. Kd1 Kc7 29. Ke1 Rh8 30. c4 h5 31. gxh5 Nxh5 32. Nxh5 Rxh5 33. Rg2 b5
34. cxd5 Nxd5 35. Nxd5+ cxd5 36. Rc2+ Kb6 37. Rc8 Rf5 38. Rg3 Rf3 39. Rc3 Rf5
40. Ke2 Rh4 41. Rc8 Rhf4 42. Rg2 Rf3 43. Rh2 Rb3 44. Rc2 Rff3 45. h4 gxh4 46.
Rxh4 Rh3 47. Rg4 e3 48. Rg6+ Kb7 49. fxe3 Rhxe3+ 50. Kf2 Rf3+ 51. Kg2 Rfd3 52.
Rg7+ Kb6 53. Rg6+ Kb7 54. Rg4 Rd1 55. Kh2 Rbd3 56. Rg7+ Kb6 57. Rg6+ Kb7 58.
Rf2 R1d2 59. Rg7+ Kb6 60. Rg6+ Kb7 1/2-1/2

[Event "?"]
[Site "?"]
[Date "2009.08.22"]
[Round "2.23"]
[White "Klein, Markus"]
[Black "Margenberg, Volker"]
[Result "0-1"]
[WhiteElo "1302"]
[BlackElo "1523"]
[PlyCount "102"]
[EventDate "2009.??.??"]
[WhiteTeam "Schachklub Sülz-Klettenberg"]
[BlackTeam "Schachverein Wiehl 1923 e.V."]

1. d4 Nf6 2. e3 g6 3. Bd2 Bg7 4. Nf3 d6 5. Be2 O-O 6. Nc3 Nbd7 7. O-O e5 8.
dxe5 dxe5 9. a3 Re8 10. b4 Nb6 11. Rc1 Qe7 12. e4 Bd7 13. Be3 Red8 14. Qe1 Bc6
15. Bc5 Qe8 16. Bd3 Na4 17. Nxa4 Bxa4 18. Nd2 b6 19. Be3 Ng4 20. f3 Nxe3 21.
Qxe3 Bf8 22. Qe2 c5 23. b5 Bh6 24. Rb1 Bxc2 25. Bxc2 Rxd2 26. Qc4 Rd4 27. Qa2
Be3+ 28. Kh1 Kg7 29. Qb3 Bg5 30. g3 Rad8 31. h4 Be7 32. a4 Rb4 33. Qc3 Rbd4 34.
Bb3 Qd7 35. Bd5 Qh3+ 36. Kg1 Qxg3+ 37. Kh1 Qxh4+ 38. Kg1 Qg3+ 39. Kh1 Qh3+ 40.
Kg1 h5 41. Rb2 h4 42. Rh2 Qg3+ 43. Rg2 Qf4 44. Rg4 Qd2 45. Qb3 Rb4 46. Qd1 Qxd1
47. Rxd1 Rxa4 48. f4 Rxe4 49. Bxe4 Rxd1+ 50. Kh2 exf4 51. Rxf4 Bd6 0-1

[Event "?"]
[Site "?"]
[Date "2009.08.22"]
[Round "2.24"]
[White "Reiter, Ute"]
[Black "Wassem, Michael"]
[Result "0-1"]
[WhiteElo "1279"]
[BlackElo "1498"]
[PlyCount "74"]
[EventDate "2009.??.??"]
[WhiteTeam "Brühler Schachklub 1920 e.V."]
[BlackTeam "Schachklub Turm Euskirchen 65"]

1. e4 d5 2. exd5 Qxd5 3. Nc3 Qa5 4. Nf3 c6 5. d4 Bf5 6. Bc4 e6 7. Bd2 Qc7 8.
Qe2 Nf6 9. Bd3 Bg6 10. Ne5 Nbd7 11. f4 Nxe5 12. fxe5 Bxd3 13. Qxd3 Nd5 14. a3
Be7 15. Ne4 h6 16. Qf3 Rf8 17. c4 Nb6 18. Ba5 Qd7 19. Bxb6 axb6 20. Rd1 O-O-O
21. Qe3 Bc5 22. Nxc5 bxc5 23. d5 b6 24. Qb3 b5 25. d6 Qb7 26. Rd2 Kd7 27. Qe3
b4 28. Qxc5 bxa3 29. Qxa3 Ra8 30. Qc3 Ra1+ 31. Rd1 Rxd1+ 32. Kxd1 Qa7 33. b3 f5
34. Kd2 Ra8 35. Kd3 f4 36. Rf1 Qe3+ 37. Kc2 Ra2+ 0-1

[Event "?"]
[Site "?"]
[Date "2009.08.22"]
[Round "2.25"]
[White "Röhlich, Anna"]
[Black "Sloka, Andreas"]
[Result "1/2-1/2"]
[WhiteElo "1229"]
[BlackElo "1753"]
[PlyCount "70"]
[EventDate "2009.??.??"]
[WhiteTeam "SG Trier"]
[BlackTeam "Schachgemeinschaft Siebengebirge"]

1. e4 c5 2. Nc3 d6 3. g3 Nf6 4. Bg2 Nc6 5. Nge2 e6 6. f4 Be7 7. d3 Nd4 8. Be3
Nxe2 9. Nxe2 d5 10. c3 O-O 11. h3 Rb8 12. O-O b5 13. a3 Qc7 14. g4 Rd8 15. Qc2
Bb7 16. Rf2 a6 17. Raf1 c4 18. e5 Nd7 19. d4 a5 20. f5 Qc6 21. Rf3 f6 22. exf6
Nxf6 23. Bg5 Rf8 24. Ng3 Rbe8 25. Bxf6 Bxf6 26. Nh5 e5 27. Nxf6+ Qxf6 28. Qf2
exd4 29. Qxd4 Qxd4+ 30. cxd4 Re2 31. R3f2 Rfe8 32. g5 Rxf2 33. Rxf2 Re1+ 34.
Kh2 Rd1 35. Re2 Kf7 1/2-1/2

[Event "?"]
[Site "?"]
[Date "2009.08.22"]
[Round "2.26"]
[White "Fieberg, Samuel"]
[Black "Ziemer, Wolfgang"]
[Result "1-0"]
[WhiteElo "1169"]
[BlackElo "1482"]
[PlyCount "83"]
[EventDate "2009.??.??"]
[WhiteTeam "Schachfreunde Köln-Mülheim e.V."]
[BlackTeam "Schachclub Erkrath 1973"]

1. e4 e5 2. Nf3 Nc6 3. Bc4 Bc5 4. c3 a6 5. d4 exd4 6. cxd4 Ba7 7. Bg5 f6 8. Be3
b5 9. Bd5 Bb7 10. O-O Nge7 11. Bb3 d5 12. exd5 Nxd5 13. Re1 Qd7 14. Bxd5 Qxd5
15. Nc3 Qd7 16. d5 Ne7 17. Bxa7 Rxa7 18. Nd4 O-O 19. Ne6 Rf7 20. Nc5 Qd8 21.
Nxb7 Rxb7 22. Qf3 Rb6 23. Re6 Nxd5 24. Qxd5 Qxd5 25. Re8+ Rf8 26. Rxf8+ Kxf8
27. Nxd5 Rc6 28. Ne3 Ke7 29. Rd1 g5 30. Kf1 Ke6 31. a3 h5 32. Rd2 Rc5 33. Rc2
Rxc2 34. Nxc2 Kd5 35. Ke2 Kc4 36. Na1 c5 37. Kd2 Kd4 38. Nb3+ Kc4 39. Kc2 b4
40. axb4 Kxb4 41. Nd2 f5 42. f3 1-0

[Event "?"]
[Site "?"]
[Date "2009.08.22"]
[Round "2.31"]
[White "Rieger, Isabelle"]
[Black "Wilde, Christian"]
[Result "1-0"]
[WhiteElo "1321"]
[BlackElo "962"]
[PlyCount "50"]
[EventDate "2009.??.??"]
[WhiteTeam "Schachverein Fideler Bauer Lever"]
[BlackTeam "Schachfreunde Köln-Longerich 195"]

1. d4 d5 2. c4 e6 3. cxd5 exd5 4. Nc3 Nf6 5. Bg5 Be7 6. Nf3 Ne4 7. Bxe7 Qxe7 8.
Nxd5 Qd6 9. Nc3 Nf6 10. e4 Qb4 11. Qc2 O-O 12. Bd3 g6 13. a3 Qe7 14. e5 Bf5 15.
Bxf5 gxf5 16. Qxf5 Qe6 17. Qg5+ Kh8 18. Qxf6+ Qxf6 19. exf6 Re8+ 20. Kd2 Nd7
21. Nd5 Rac8 22. Ng5 c5 23. Ne7 Rxe7 24. fxe7 cxd4 25. Nxf7+ Kg7 1-0

[Event "?"]
[Site "?"]
[Date "2009.08.23"]
[Round "3.1"]
[White "Sewald, Jörg"]
[Black "Rotstein, Jefim"]
[Result "0-1"]
[WhiteElo "1484"]
[BlackElo "2370"]
[PlyCount "48"]
[EventDate "2009.??.??"]
[WhiteTeam "Schachklub Köln-Worringen 1972"]
[BlackTeam "Schachfreunde Brück-Rath-Heumar"]

1. Nf3 c5 2. g3 d5 3. Bg2 g6 4. d3 Bg7 5. Nbd2 Nf6 6. O-O O-O 7. Re1 Nc6 8. c3
b6 9. e4 Bb7 10. exd5 Nxd5 11. Nb3 e5 12. Bg5 f6 13. c4 Ndb4 14. Be3 Qxd3 15.
Qxd3 Nxd3 16. Re2 Rad8 17. Rd1 Nf4 18. Red2 Nxg2 19. Rxd8 Rxd8 20. Rxd8+ Nxd8
21. Kxg2 Ne6 22. Nbd2 f5 23. b3 f4 24. gxf4 exf4 0-1

[Event "?"]
[Site "?"]
[Date "2009.08.23"]
[Round "3.2"]
[White "Marcziter, Dmitrii"]
[Black "Knobeloch, Olaf"]
[Result "1-0"]
[WhiteElo "2238"]
[BlackElo "1429"]
[PlyCount "53"]
[EventDate "2009.??.??"]
[WhiteTeam "Kölner Schachklub Dr. Lasker 186"]
[BlackTeam "Pulheimer Sport-Club 1924/57 e.V"]

1. d4 d5 2. Nf3 e6 3. c4 Nf6 4. Nc3 Be7 5. Bg5 O-O 6. e3 c5 7. Bxf6 Bxf6 8.
cxd5 cxd4 9. Nxd4 exd5 10. Bb5 a6 11. Ba4 b5 12. Bb3 Be6 13. O-O Bxd4 14. Qxd4
Nc6 15. Qf4 Na5 16. Bxd5 Bxd5 17. Rfd1 Nc4 18. Rxd5 Qe7 19. b3 Nb6 20. Rd6 Qc7
21. Ne4 Rad8 22. Rad1 Rxd6 23. Qxd6 Qb7 24. Rd4 h6 25. Nf6+ gxf6 26. Rg4+ Kh7
27. Qxf8 1-0

[Event "?"]
[Site "?"]
[Date "2009.08.23"]
[Round "3.4"]
[White "Kronseder, Michael"]
[Black "Fieberg, Samuel"]
[Result "1-0"]
[WhiteElo "1489"]
[BlackElo "1169"]
[PlyCount "44"]
[EventDate "2009.??.??"]
[WhiteTeam "Schachverein 1925 Hürth-Berrenra"]
[BlackTeam "Schachfreunde Köln-Mülheim e.V."]

1. Nf3 d5 2. c4 Nf6 3. cxd5 Qxd5 4. Nc3 Qd8 5. d4 Bf5 6. Bg5 e6 7. e4 Be7 8.
exf5 exf5 9. Bc4 O-O 10. O-O h6 11. Bxf6 Bxf6 12. Nd5 Nc6 13. Nxf6+ Qxf6 14.
Qa4 a6 15. Qc2 Nxd4 16. Nxd4 Qxd4 17. Rad1 Qf6 18. Rd7 Qc6 19. Rfd1 f4 20. Bb3
Qf6 21. Qc3 Qxc3 22. bxc3 Rac8 1-0

[Event "?"]
[Site "?"]
[Date "2009.08.23"]
[Round "3.5"]
[White "Evers, Leo"]
[Black "Hirth, Ulrich"]
[Result "0-1"]
[WhiteElo "2097"]
[BlackElo "2119"]
[PlyCount "104"]
[EventDate "2009.??.??"]
[WhiteTeam "Schachfreunde Köln-Mülheim e.V."]
[BlackTeam "Schachklub Turm Euskirchen 65"]

1. d4 g6 2. e4 Bg7 3. Nc3 c6 4. Nf3 d5 5. Be3 Nf6 6. e5 Ng4 7. Bf4 f6 8. h3
fxe5 9. dxe5 Nh6 10. Qd2 Nf7 11. O-O-O e6 12. h4 Nd7 13. h5 Ndxe5 14. Nxe5 Nxe5
15. Bxe5 Bxe5 16. hxg6 hxg6 17. Rxh8+ Bxh8 18. Qh6 Qf6 19. Bd3 g5 20. Bg6+ Ke7
21. Rd3 g4 22. f3 Bg7 23. Qh5 g3 24. Qg4 Bh6+ 25. Kd1 Qf4 26. Ne2 Qxg4 27. fxg4
e5 28. Rxg3 Bf4 29. Rh3 Bxg4 30. Rh7+ Kf6 31. Bh5 Bxh5 32. Rxh5 Rg8 33. Nxf4
exf4 34. Rh2 Re8 35. Rh3 Re7 36. Ra3 Kf5 37. Rxa7 Kg4 38. a4 Kg3 39. Ra8 Kxg2
40. Rg8+ Kf2 41. Kd2 f3 42. b3 Kf1 43. a5 f2 44. Rg6 Rh7 45. a6 bxa6 46. Rxc6
Rg7 47. Rxa6 Kg2 48. Rf6 f1=Q 49. Rxf1 Kxf1 50. Kd3 Rg4 51. c4 dxc4+ 52. bxc4
Kf2 0-1

[Event "?"]
[Site "?"]
[Date "2009.08.23"]
[Round "3.6"]
[White "Röhlich, Philipp"]
[Black "Begri, Robert"]
[Result "0-1"]
[WhiteElo "1404"]
[BlackElo "2064"]
[PlyCount "68"]
[EventDate "2009.??.??"]
[WhiteTeam "SG Trier"]
[BlackTeam "Tischtennisclub Grün-Weiß-Fritzd"]

1. e4 e6 2. d4 d5 3. exd5 exd5 4. Nf3 Bd6 5. Bd3 Ne7 6. O-O Nbc6 7. c3 Bg4 8.
Bg5 f6 9. Bh4 g5 10. Bg3 Ng6 11. Re1+ Nce7 12. h3 Bxg3 13. fxg3 Bxf3 14. Qxf3
Qd6 15. Bf5 O-O 16. Re6 Qd7 17. Nd2 Nxf5 18. Qxf5 Rae8 19. Rae1 c6 20. Qg4 Rxe6
21. Qxe6+ Qxe6 22. Rxe6 Kf7 23. Re2 Ne7 24. Nb3 Nf5 25. Kf2 Nd6 26. Nc5 b6 27.
Nd3 h5 28. b3 Ne4+ 29. Ke3 Nxg3 30. Rc2 Re8+ 31. Kf3 Nf5 32. Nb4 Re6 33. c4 a5
34. cxd5 Nxd4+ 0-1

[Event "?"]
[Site "?"]
[Date "2009.08.23"]
[Round "3.7"]
[White "Wulfken, Christof"]
[Black "Fimmers, Heinrich"]
[Result "1-0"]
[WhiteElo "2072"]
[BlackElo "1438"]
[PlyCount "83"]
[EventDate "2009.??.??"]
[WhiteTeam "Godesberger Schachklub 1929 e.V."]
[BlackTeam "Schachgemeinschaft Kalker/Deutze"]

1. d4 d5 2. Nf3 Nf6 3. c4 e6 4. Bg5 Be7 5. e3 O-O 6. Qc2 h6 7. Bh4 Ne4 8. Bxe7
Qxe7 9. a3 Nf6 10. Nbd2 c5 11. dxc5 Qxc5 12. b4 Qe7 13. Bd3 Bd7 14. Rc1 dxc4
15. Be4 Nxe4 16. Qxe4 Bc6 17. Qxc4 Na6 18. O-O Rac8 19. Qd4 b6 20. Qb2 Bb7 21.
Rxc8 Rxc8 22. Rc1 Rxc1+ 23. Qxc1 Nc7 24. Nd4 Qd7 25. N2f3 Nd5 26. Ne5 Qc8 27.
Qxc8+ Bxc8 28. Nec6 Kf8 29. Nxa7 Bb7 30. Nac6 Bxc6 31. Nxc6 Ke8 32. Kf1 Kd7 33.
Ne5+ Ke7 34. Ke2 Nc3+ 35. Kd3 Nb5 36. a4 Nc7 37. b5 f6 38. Nc6+ Kd6 39. Kc4 e5
40. Nb4 Ne6 41. Nd5 Nc5 42. Nxb6 1-0

[Event "?"]
[Site "?"]
[Date "2009.08.23"]
[Round "3.8"]
[White "Westphal, Gerhard"]
[Black "Eigemann, Julian"]
[Result "0-1"]
[WhiteElo "1400"]
[BlackElo "1740"]
[PlyCount "102"]
[EventDate "2009.??.??"]
[BlackTeam "Schachfreunde Köln-Mülheim e.V."]

1. e4 c5 2. Nf3 d6 3. d4 cxd4 4. Nxd4 Nf6 5. Nc3 a6 6. Bd3 e6 7. O-O b5 8. a3
Bb7 9. b4 Nbd7 10. Nf3 Rc8 11. Bb2 Be7 12. h3 Qc7 13. Re1 O-O 14. Rc1 Nb6 15.
Nd2 Nc4 16. Nxc4 bxc4 17. Bf1 Rfd8 18. Qe2 Rd7 19. e5 dxe5 20. Qxe5 Bd6 21. Qe2
Nd5 22. Nxd5 exd5 23. Be5 Bxe5 24. Qxe5 Qxe5 25. Rxe5 g6 26. c3 Kg7 27. Rce1
Kf6 28. Re8 Rcd8 29. Rxd8 Rxd8 30. Rd1 Re8 31. g3 Bc6 32. Bg2 Rd8 33. Re1 Rd6
34. h4 Re6 35. Rxe6+ fxe6 36. Kf1 e5 37. Ke2 Ke6 38. Bh3+ Kd6 39. Bc8 Bb5 40.
a4 Bxa4 41. Bxa6 Kc7 42. g4 Bd7 43. g5 Kb6 44. Bxc4 dxc4 45. Ke3 Kc6 46. Ke4
Kd6 47. b5 Bxb5 48. f4 exf4 49. Kxf4 Bc6 50. Ke3 Ke5 51. Kd2 Ke4 0-1

[Event "?"]
[Site "?"]
[Date "2009.08.23"]
[Round "3.9"]
[White "Lantsman, Boris"]
[Black "Röhlich, Anna"]
[Result "1-0"]
[WhiteElo "1890"]
[BlackElo "1229"]
[PlyCount "29"]
[EventDate "2009.??.??"]
[WhiteTeam "Ford-Schachfreunde Köln e.V."]
[BlackTeam "SG Trier"]

1. e4 e6 2. d4 d5 3. Nc3 dxe4 4. Nxe4 Nd7 5. Nf3 Ngf6 6. Bd3 c5 7. O-O Nxe4 8.
Bxe4 Nf6 9. Bd3 Bd7 10. dxc5 Bxc5 11. Ne5 O-O 12. Bg5 Be7 13. Bxf6 Bxf6 14.
Nxd7 Qxd7 15. Bxh7+ 1-0

[Event "?"]
[Site "?"]
[Date "2009.08.23"]
[Round "3.11"]
[White "Schwab, Wolfgang"]
[Black "Vasiljev, Jurij"]
[Result "0-1"]
[WhiteElo "1556"]
[BlackElo "2135"]
[PlyCount "132"]
[EventDate "2009.??.??"]
[WhiteTeam "Schachverein Turm Sankt Augustin"]
[BlackTeam "Schachfreunde Moers e.V."]

1. c4 c5 2. Nc3 Nc6 3. g3 g6 4. Bg2 Bg7 5. e3 e6 6. Nge2 Nge7 7. O-O O-O 8. a3
d5 9. cxd5 exd5 10. d4 cxd4 11. exd4 Be6 12. Be3 Nf5 13. Qd2 Na5 14. Qc2 Nxe3
15. fxe3 Nc4 16. Nd1 Rc8 17. Nec3 Bh6 18. Re1 Re8 19. Qf2 Qd7 20. e4 dxe4 21.
Nxe4 Bg7 22. Nf6+ Bxf6 23. Qxf6 Red8 24. Kh1 Qxd4 25. Qxd4 Rxd4 26. Bxb7 Rb8
27. Bg2 Nxb2 28. Nxb2 Rxb2 29. Red1 Rxd1+ 30. Rxd1 Ra2 31. Bd5 Bxd5+ 32. Rxd5
Rxa3 33. Kg2 h5 34. h4 a5 35. Rd8+ Kg7 36. Ra8 Kf6 37. Ra7 Ke6 38. Ra6+ Kf5 39.
Kh3 f6 40. Rb6 Re3 41. Ra6 Re5 42. Rc6 g5 43. hxg5 Kxg5 44. Rc8 a4 45. Rg8+ Kf5
46. Ra8 Re4 47. Ra5+ Kg6 48. Ra6 Kg5 49. Ra8 f5 50. Rg8+ Kf6 51. Rf8+ Ke5 52.
Re8+ Kd6 53. Rf8 Ke5 54. Re8+ Kd4 55. Rf8 Kc3 56. Rxf5 a3 57. Rxh5 a2 58. Ra5
Kb3 59. Rxa2 Kxa2 60. g4 Kb3 61. Kh4 Kc4 62. Kh5 Kd5 63. g5 Ke6 64. Kg6 Rh4 65.
Kg7 Kf5 66. g6 Rg4 0-1

[Event "?"]
[Site "?"]
[Date "2009.08.23"]
[Round "3.13"]
[White "Kaplun, David"]
[Black "Freundlieb, Thomas"]
[Result "0-1"]
[WhiteElo "1527"]
[BlackElo "2078"]
[PlyCount "38"]
[EventDate "2009.??.??"]
[WhiteTeam "Schachclub Erkrath 1973"]
[BlackTeam "Schachverein Bergneustadt/Dersch"]

1. d4 g6 2. c4 Bg7 3. Nc3 d6 4. e4 a6 5. a4 {[%emt 0:00:00]} Nc6 6. Be3 e5 7.
d5 Nce7 8. f3 f5 9. Bd3 Nh6 10. Qd2 Nf7 11. Nge2 c5 12. a5 b6 13. axb6 Qxb6 14.
Rb1 Qb4 15. Qc2 O-O 16. Bg5 Nxg5 17. h4 fxe4 18. Bxe4 Nxe4 19. Qxe4 Bf5 0-1

[Event "?"]
[Site "?"]
[Date "2009.08.23"]
[Round "3.14"]
[White "Reichelt, Frank"]
[Black "Margenberg, Volker"]
[Result "1/2-1/2"]
[WhiteElo "1917"]
[BlackElo "1523"]
[PlyCount "33"]
[EventDate "2009.??.??"]
[WhiteTeam "Ford-Schachfreunde Köln e.V."]
[BlackTeam "Schachverein Wiehl 1923 e.V."]

1. e4 e6 2. Nf3 d5 3. e5 c5 4. b4 cxb4 5. d4 Nc6 6. Bd3 Bd7 7. O-O Nge7 8. Be3
Nf5 9. Nbd2 Be7 10. Nb3 Nxe3 11. fxe3 O-O 12. Qe1 f5 13. Qg3 Be8 14. Qh3 Bg6
15. g3 Rc8 16. Qg2 Na5 17. Nxa5 1/2-1/2

[Event "?"]
[Site "?"]
[Date "2009.08.23"]
[Round "3.15"]
[White "Wassem, Michael"]
[Black "Proba, Stefan"]
[Result "0-1"]
[WhiteElo "1498"]
[BlackElo "2012"]
[PlyCount "58"]
[EventDate "2009.??.??"]
[WhiteTeam "Schachklub Turm Euskirchen 65"]
[BlackTeam "Ford-Schachfreunde Köln e.V."]

1. d4 Nf6 2. c4 c5 3. d5 b5 4. e3 d6 5. a3 bxc4 6. Bxc4 g6 7. Nc3 Bg7 8. e4 O-O
9. f4 Nfd7 10. Qc2 Nb6 11. b3 Nxc4 12. bxc4 e6 13. Rb1 Nd7 14. Nb5 exd5 15.
cxd5 Nf6 16. e5 Bf5 17. Qb3 dxe5 18. fxe5 Nxd5 19. Nf3 Bxb1 20. Qxb1 a6 21. Nd6
Bxe5 22. Nc4 Bc3+ 23. Kf2 Bd4+ 24. Kf1 Rb8 25. Qc2 Re8 26. Qd3 Qf6 27. h4 Qe6
28. Rh3 Rb1 29. Nxd4 Qe1# 0-1

[Event "?"]
[Site "?"]
[Date "2009.08.23"]
[Round "3.16"]
[White "Reinhard, Klaus"]
[Black "Röhlich, Dirk"]
[Result "0-1"]
[WhiteElo "1868"]
[BlackElo "1519"]
[PlyCount "100"]
[EventDate "2009.??.??"]
[WhiteTeam "vereinslos"]
[BlackTeam "SG Trier"]

1. f4 d5 2. Nf3 Nf6 3. b3 e6 4. Bb2 Bd6 5. e3 O-O 6. Be2 b6 7. O-O Bb7 8. Ne5
c5 9. d3 Qc7 10. Nd2 Nbd7 11. Nxd7 Nxd7 12. g3 Rad8 13. Bf3 e5 14. f5 Nf6 15.
Qe1 Qe7 16. e4 b5 17. g4 d4 18. Qg3 Nd7 19. g5 f6 20. h4 Kh8 21. Rf2 Bc6 22.
Rg2 Rg8 23. Kh1 Rb8 24. Rag1 a5 25. Nf1 a4 26. Bc1 axb3 27. axb3 Ra8 28. g6 h6
29. Qg4 Rgc8 30. Qh5 Kg8 31. Bxh6 gxh6 32. Qxh6 Qg7 33. Qxg7+ Kxg7 34. Ng3 Rh8
35. Nh5+ Kg8 36. Rh2 Be7 37. Ng3 Nb6 38. h5 Rh6 39. Rh3 c4 40. Nf1 Ra2 41. Nh2
Rxc2 42. Ng4 Rh8 43. h6 cxb3 44. Bd1 Rc3 45. Bxb3+ Rxb3 46. h7+ Kg7 47. Nh6
Bxe4+ 48. Kh2 Bd5 49. Ng8 Bxg8 50. hxg8=Q+ Kxg8 0-1

[Event "?"]
[Site "?"]
[Date "2009.08.23"]
[Round "3.17"]
[White "Kenen, Albert"]
[Black "Wolff, Michael"]
[Result "0-1"]
[WhiteElo "1478"]
[BlackElo "1944"]
[PlyCount "30"]
[EventDate "2009.??.??"]
[WhiteTeam "Schachfreunde Köln-Longerich 195"]
[BlackTeam "SC Matt im Park Ffm"]

1. d4 Nf6 2. c4 c5 3. Nf3 g6 4. Nc3 cxd4 5. Nxd4 Bg7 6. e4 d6 7. h3 Nc6 8. Be3
O-O 9. Qd2 Nxd4 10. Bxd4 e5 11. Be3 a6 12. Rd1 Qa5 13. a3 Be6 14. Qxd6 Nxe4 15.
Bd2 Nxd6 0-1

[Event "?"]
[Site "?"]
[Date "2009.08.23"]
[Round "3.18"]
[White "Calder, Dennis"]
[Black "Metul, Anton"]
[Result "1-0"]
[WhiteElo "1934"]
[BlackElo "1402"]
[PlyCount "53"]
[EventDate "2009.??.??"]
[WhiteTeam "Bremer SG von 1877"]
[BlackTeam "Schachverein 1925 Hürth-Berrenra"]

1. d4 d5 2. Nf3 Nf6 3. c4 e6 4. Nc3 c6 5. Qc2 Be7 6. e4 dxc4 7. Bxc4 b5 8. Bd3
a5 9. O-O Na6 10. Qe2 Rb8 11. Bf4 Rb7 12. Rad1 h6 13. Ne5 Qb6 14. d5 exd5 15.
exd5 O-O 16. dxc6 Rb8 17. Nd7 Nxd7 18. cxd7 Bd6 19. Bxd6 Bb7 20. Bxf8 Rxf8 21.
Qe8 Bc6 22. Nd5 Bxd5 23. Bh7+ Kxh7 24. Qxf8 Qc6 25. d8=Q Bxg2 26. Qg8+ Kg6 27.
Rd6+ 1-0

[Event "?"]
[Site "?"]
[Date "2009.08.23"]
[Round "3.19"]
[White "Schröter, Ron"]
[Black "Fabregas, Oliver"]
[Result "0-1"]
[WhiteElo "1098"]
[BlackElo "1857"]
[PlyCount "56"]
[EventDate "2009.??.??"]
[WhiteTeam "Schachverein Horrem 1948"]
[BlackTeam "SV Laatzen"]

1. e4 c5 2. Nf3 d6 3. Nc3 Nf6 4. d4 cxd4 5. Nxd4 a6 6. Bd3 e5 7. Nf5 Bxf5 8.
exf5 d5 9. O-O e4 10. Qe2 Be7 11. Nxe4 dxe4 12. Bxe4 Nxe4 13. Qxe4 Nc6 14. Bg5
O-O 15. Bxe7 Qxe7 16. Qg4 Rfe8 17. f6 Qxf6 18. Rad1 Ne5 19. Qd4 Rad8 20. Qc3 h5
21. f4 Qb6+ 22. Kh1 Ng4 23. h3 Rxd1 24. Rxd1 Nf2+ 25. Kh2 Nxd1 26. Qf3 Qe3 27.
Qxh5 Qxf4+ 28. Kg1 Re1# 0-1

[Event "?"]
[Site "?"]
[Date "2009.08.23"]
[Round "3.20"]
[White "Grothues-Lay, Kay"]
[Black "Azimi, Reza"]
[Result "1-0"]
[WhiteElo "1852"]
[BlackElo "1390"]
[PlyCount "137"]
[EventDate "2009.??.??"]
[WhiteTeam "Schachverein Erftstadt e.V."]
[BlackTeam "SC Schachuzipus Köln-Mülheim"]

1. d4 d5 2. f4 e6 3. Nf3 c5 4. e3 Nf6 5. c3 Qa5 6. Bd3 cxd4 7. exd4 Bd6 8. Ne5
O-O 9. Nd2 Nbd7 10. O-O Qb6 11. Kh1 Qc7 12. Rf3 Ne8 13. Rh3 f5 14. Qe2 Nef6 15.
Ndf3 h6 16. Ng6 Re8 17. Nfe5 Ne4 18. Bxe4 dxe4 19. Be3 Nf6 20. Rc1 Kh7 21. Bf2
Bxe5 22. Nxe5 b6 23. Bh4 Rf8 24. Rg3 Bb7 25. h3 Nd5 26. Rf1 a5 27. Qh5 Nf6 28.
Qg6+ Kh8 29. Bxf6 Rxf6 30. Qh5 Rg8 31. Rg6 Qe7 32. Kh2 Rgf8 33. Rxf6 Rxf6 34.
Ng6+ Rxg6 35. Qxg6 Ba8 36. Re1 b5 37. Re3 a4 38. a3 Bd5 39. g3 Qc7 40. Qe8+ Kh7
41. Qxb5 Bb3 42. Qc5 Qb7 43. g4 Qb8 44. Qe5 Qf8 45. gxf5 exf5 46. d5 Qf7 47. d6
Be6 48. Qd4 Bd7 49. c4 Qe8 50. Rg3 Qf7 51. c5 g6 52. Rc3 Bc6 53. Qe5 Kg8 54.
Kg3 h5 55. h4 Kh7 56. Kf2 Kg8 57. Ke3 Qd7 58. Qf6 Kh7 59. Qe7+ Qxe7 60. dxe7
Kg7 61. e8=Q Bxe8 62. c6 Kf7 63. Kd4 Ke7 64. Kc5 Kd8 65. Kd6 Bf7 66. Rc5 Bb3
67. Re5 Bc4 68. c7+ Kc8 69. Re8+ 1-0

[Event "?"]
[Site "?"]
[Date "2009.08.23"]
[Round "3.21"]
[White "Eigemann, Frederik"]
[Black "Rieger, Isabelle"]
[Result "1-0"]
[WhiteElo "1767"]
[BlackElo "1321"]
[PlyCount "61"]
[EventDate "2009.??.??"]
[WhiteTeam "Schachfreunde Köln-Mülheim e.V."]
[BlackTeam "Schachverein Fideler Bauer Lever"]

1. e4 c5 2. Nf3 Nc6 3. d3 e6 4. g3 d6 5. Bg2 Nf6 6. Nbd2 Be7 7. O-O b5 8. e5
Nd5 9. exd6 Qxd6 10. Ne4 Qc7 11. Qe2 O-O 12. Re1 Bb7 13. c4 bxc4 14. dxc4 Nf6
15. Nc3 Rfd8 16. Bf4 Bd6 17. Nb5 Qe7 18. Bxd6 Rxd6 19. Nxd6 Qxd6 20. Rad1 Qc7
21. Rd2 Rd8 22. Rxd8+ Qxd8 23. Rd1 Qc7 24. b3 h6 25. Qe3 Ne7 26. Qe5 Qa5 27.
Qb8+ Bc8 28. Qd6 Kf8 29. Ne5 Ne8 30. Qxe7+ Kxe7 31. Nc6+ 1-0

[Event "?"]
[Site "?"]
[Date "2009.08.23"]
[Round "3.22"]
[White "Spisla, Dominik"]
[Black "Klein, Markus"]
[Result "1-0"]
[WhiteElo "1807"]
[BlackElo "1302"]
[PlyCount "55"]
[EventDate "2009.??.??"]
[WhiteTeam "Brackweder Schachklub von 1924"]
[BlackTeam "Schachklub Sülz-Klettenberg"]

1. d4 d5 2. c4 dxc4 3. e3 e6 4. Bxc4 Nf6 5. Nc3 Nbd7 6. Nf3 Nb6 7. Bd3 Bd7 8.
O-O Bc6 9. Ne5 Bd7 10. Qf3 Rb8 11. e4 Bd6 12. Nxd7 Nfxd7 13. e5 Be7 14. Qg3 g6
15. Bh6 Nf8 16. Rfd1 a6 17. Ne4 c6 18. Bg7 Rg8 19. Nf6+ Bxf6 20. exf6 Nbd7 21.
Qd6 h5 22. Bc4 Nb6 23. Qxd8+ Rxd8 24. Rac1 Nh7 25. Rc3 Ng5 26. f3 Nd7 27. Re1
Nh7 28. Bxe6 1-0

[Event "?"]
[Site "?"]
[Date "2009.08.23"]
[Round "3.23"]
[White "Rehn, Hans Peter"]
[Black "Reiter, Ute"]
[Result "1-0"]
[WhiteElo "1741"]
[BlackElo "1279"]
[PlyCount "49"]
[EventDate "2009.??.??"]
[WhiteTeam "SK Gründau"]
[BlackTeam "Brühler Schachklub 1920 e.V."]

1. e4 e5 2. Nf3 d6 3. d4 exd4 4. Qxd4 Nc6 5. Bb5 Bd7 6. Bxc6 Bxc6 7. Nc3 Nf6 8.
Bf4 Be7 9. h3 Qd7 10. O-O-O O-O 11. Rhe1 Nh5 12. Bh2 Bf6 13. e5 Bxf3 14. gxf3
Bg5+ 15. Kb1 Qxh3 16. Rh1 Qxf3 17. exd6 Rad8 18. Ne4 Bf6 19. Nxf6+ Nxf6 20.
Rhg1 Rfe8 21. Be5 Rxe5 22. Qxe5 Qxf2 23. Rdf1 Ng4 24. Qe7 Qf6 25. Rxf6 1-0

[Event "?"]
[Site "?"]
[Date "2009.08.23"]
[Round "3.28"]
[White "Sloka, Andreas"]
[Black "Viganske, Christian"]
[Result "0-1"]
[WhiteElo "1753"]
[BlackElo "1866"]
[PlyCount "44"]
[EventDate "2009.??.??"]
[WhiteTeam "Schachgemeinschaft Siebengebirge"]
[BlackTeam "Schachklub Turm Euskirchen 65"]

1. e4 c5 2. Nf3 d6 3. d4 cxd4 4. Nxd4 Nf6 5. Nc3 g6 6. Be3 Bg7 7. f3 O-O 8. Qd2
Re8 9. Bh6 Bh8 10. O-O-O Nc6 11. h4 Nxd4 12. Qxd4 Be6 13. Bb5 Nd5 14. Qd2 Nxc3
15. bxc3 Qa5 16. a4 Bxc3 17. Qe3 Qb4 18. Rd3 Rec8 19. Rxc3 Rxc3 20. Bd3 Rac8
21. Kd1 Qb1+ 22. Qc1 Rxd3+ 0-1

[Event "?"]
[Site "?"]
[Date "2009.08.23"]
[Round "3.29"]
[White "Stelzer, Wolfgang"]
[Black "Jansen, Kurt"]
[Result "1-0"]
[WhiteElo "1782"]
[BlackElo "1555"]
[PlyCount "83"]
[EventDate "2009.??.??"]
[WhiteTeam "SC Wittlich 1947"]
[BlackTeam "Schachklub Sülz-Klettenberg"]

1. c4 e6 2. Nc3 Nf6 3. g3 c6 4. e4 e5 5. Nf3 d6 6. Bg2 Be6 7. d3 Be7 8. O-O h6
9. b3 Nbd7 10. Bb2 c5 11. Qe1 Nb6 12. Nd2 O-O 13. Ne2 Nh7 14. f4 exf4 15. Nxf4
Bf6 16. e5 dxe5 17. Bxe5 Bxe5 18. Qxe5 Qd7 19. Ne4 Qd4+ 20. Qxd4 cxd4 21. Nxe6
fxe6 22. Nc5 Rfe8 23. Nxb7 Rab8 24. Nd6 Re7 25. Rae1 Nf6 26. Nf5 Ree8 27. Nxd4
e5 28. Nc6 Rb7 29. Rxe5 Rxe5 30. Nxe5 Re7 31. d4 a5 32. Nc6 Re2 33. a4 Ng4 34.
Bf3 Re6 35. d5 Rg6 36. Ne7+ Kh7 37. Nxg6 Ne3 38. Be4 Nxf1 39. Kxf1 Kg8 40. Ne5
Kf8 41. c5 Nc8 42. d6 1-0